[Event "GER-ch 76th"]
[Site "Altenkirchen"]
[Date "2005.02.18"]
[Round "1"]
[White "Meier, Georg"]
[Black "Khenkin, Igor"]
[Result "1/2-1/2"]
[WhiteElo "2372"]
[BlackElo "2604"]
[Annotator "Psakhis,L"]
[PlyCount "69"]
[EventDate "2005.02.18"]
[EventType "swiss"]
[EventRounds "9"]
[EventCountry "GER"]
[SourceTitle "CBM 106"]
[Source "ChessBase"]
[SourceDate "2005.06.06"]
[SourceVersion "1"]
[SourceVersionDate "2005.06.06"]
[SourceQuality "1"]

1. e4 c5 2. Nf3 Nc6 3. Bb5 d6 4. O-O Bd7 5. Re1 Nf6 6. c3 ({Worth considering
and} 6. h3 $5 {stoping development of Black's bishop to g4.}) 6... a6 7. Bf1
Bg4 8. d3 e6 9. Nbd2 Be7 10. h3 Bh5 11. g4 (11. a4 Nd7 12. Nc4 O-O 13. Bf4 b5
14. Ne3 Nb6 15. axb5 axb5 $11 {1/2-1/2 Gavric,M-Palac,M/BIH t-ch Neum 2002/ 
(25)}) 11... Bg6 12. Nh4 Nd7 (12... d5 13. f4 dxe4 14. dxe4 Nd7 15. Nxg6 hxg6
16. e5 Nb6 17. Qf3 Qc7 18. Ne4 Nd5 19. g5 O-O-O 20. Be3 Rd7 21. Bf2 $14 {
1-0 Grischuk,A-Babula,V/EUR-Cup Panormo 2001/ (51)}) 13. Ng2 ({Worth
considering was} 13. Nxg6 hxg6 14. f4 (14. Nf3 Nde5 15. Be3 (15. Nxe5 dxe5 16.
Be3 O-O 17. a3 b6 18. Qd2 Qc7 19. b4 Rad8 20. Qa2 Rd7 21. Rab1 Rc8 22. bxc5
Bxc5 23. Bxc5 bxc5 $11 {[%csl Rf1] 0-1 Miljutin,O-Ovsijevitsch,S/Alushta op
2000 (35)}) 15... Nxf3+ 16. Qxf3 e5 17. Qd1 Bg5 18. Bg2 Bxe3 19. fxe3 Qd7 $11 {
1/2-1/2 Xu Yuhua-Wang Lei/CHN t-chW Suzhou 2001/ (46)}) 14... g5 $5 (14... e5
15. f5 Bg5 $146 (15... gxf5 16. exf5 d5 17. Bg2 {[%csl Rd5]}) 16. Nc4 (16. fxg6
fxg6 17. Qb3 $5) 16... Bxc1 17. Rxc1 Nb6 (17... b5 $5 18. Ne3 (18. Nxd6+ $2 Ke7
{[%csl Rd6]}) 18... Qg5 19. Nd5 Rc8 $13) 18. Ne3 gxf5 {Xu Jun either
underestimated the danger or didn't see a decent alternative.} ({I would prefer
} 18... g5 $5 {to keep the position closed.}) 19. exf5 $1 {In my opinion White
has some advantage here; maybe small, but lasting.} d5 20. Bg2 Kf8 (20... Qd6
21. Qb3 Ne7 22. c4 $5 d4 23. Nf1 {[%cal Gf1d2,Gd2e4]}) 21. Qf3 f6 (21... d4 22.
Nc4 (22. Nd1 $5 {[%cal Gd1f2]}) 22... Nxc4 23. dxc4 {[%csl Gg2]}) 22. Red1 {
[%cal Gc3c4,Gd3d4] A good prophylactic move.} d4 (22... Ne7 $5) 23. Nf1 $1 dxc3
24. bxc3 Qc7 25. Qf2 $1 $16 {[%csl Ra8,Rf8,Gg2,Rh8][%cal Gf1g3,Gg3e4] 1-0
Zvjaginsev,V-Xu Jun/RUS-CHN m Moscow 2004/CBM 103/[Psakhis] (30)}) (14... Bh4
15. Re2 g5 16. f5 Nde5 17. Re3 O-O 18. Bg2 d5 19. exd5 exd5 20. Nf3 Nxf3+ 21.
Qxf3 d4 22. Re4 dxc3 23. bxc3 Qf6 24. Bb2 Rad8 25. Rd1 Qd6 26. d4 $36 {
Rublevsky,S-Timoshenko,G/Moscow Aeroflot-A 2004//1-0 (55)}) 15. f5 Nde5 16. Nf3
Bf6 17. Be3 b5 18. a3 Rc8 19. Rc1 O-O $11 20. Nh2 Re8 21. b3 Nd7 $11 {1/2-1/2
Lipka,J-Shaposhnikov,E/Pardubice KB op 2003/ (45)}) 13... e5 $1 ({Black
experiences much more difficulties after} 13... O-O 14. f4 h6 15. Nf3 (15. Qf3
Bh7 16. Qg3 Kh8 17. Nf3 Qc7 18. Kh2 Rae8 19. Bd2 b5 20. Rad1 Qb7 21. f5 Nde5
22. Ng1 Bf6 $13 {1/2-1/2 Vescovi,G-Movsesian,S/Bermuda Fourways 2004/(32)})
15... Bh7 16. Qe2 Re8 17. Qf2 d5 18. exd5 exd5 19. f5 Bd6 20. Bf4 Qc7 21. Qg3
Bxf4 22. Qxf4 Qxf4 23. Nxf4 $14 {Morozevich,A-Gelfand,B/Monaco Amber rapid
2002/ /1/2-1/2 (40)}) 14. Nc4 (14. Ne3 h5 (14... Bg5 15. Ndc4 Bxe3 16. Bxe3 Qe7
17. Bd2 h5 18. Bg2 f6 19. Ne3 Bf7 20. d4 $1 $36 {Wells,P-Tomcsanyi,P/HUN t-ch
1998/1-0 (41)}) 15. Nf5 hxg4 16. hxg4 Bxf5 17. exf5 Bg5 18. Bg2 Kf8 19. Ne4
Bxc1 20. Rxc1 Nf6 ({In case of} 20... d5 21. Ng3 Nb6 22. c4 $5 {White's
chances are better in any case.}) 21. Nxf6 gxf6 (21... Qxf6 22. Qb3 Nd8 23. d4
$5 {[%csl Ga8,Gd8,Gf8] looks not very nice for Black.}) 22. Re3 Qb6 (22... Rg8
$5) 23. Rb1 $14 {1-0 Morozevich,A-Akopian,V/RUS-The World Moscow 2002/CBM 91/
[Psakhis] (33)}) (14. f4 exf4 15. Nxf4 Nde5 (15... Bh4 16. Re2 Nde5 17. Rg2 O-O
18. Be2 Bg5 19. Nf1 Bxf4 20. Bxf4 d5 21. Ng3 dxe4 22. dxe4 Qxd1+ 23. Rxd1 f6
24. Be3 b6 25. Kf2 Rfd8 26. Rgg1 Bf7 27. b3 a5 $11 {1/2-1/2 Benjamin,
J-Yermolinsky,A/USA-ch Seattle 2000/ (31)}) 16. Nf3 O-O 17. Be3 b5 ({Worth
considering was the simple} 17... Nxf3+ $5 18. Qxf3 Bg5 (18... Re8 19. Nxg6
hxg6 20. d4 cxd4 21. cxd4 Bg5 22. Bxg5 Qxg5 {1/2-1/2 Glek,I-Malakhatko,V/
Corsica Masters Bastia 2004/Chess Today (40)}) 19. Nd5 Ne5 $13) 18. Bg2 (18. d4
$5) 18... Rb8 19. a3 ({I would prefer} 19. d4 $5 cxd4 20. cxd4 Nc4 21. Bc1 {
[%cal Gb2b3] and after b3 White would pretend for the initiative.}) 19... a5
20. Nxe5 Nxe5 $13 {0-1 Arancibia,E-Leitao,R/Santiago Copa ENTEL 2004/CBM 100/
[Psakhis] (42)}) (14. Nf3 Rc8 15. a3 Nf8 16. d4 cxd4 17. cxd4 h5 18. d5 hxg4
19. hxg4 Nb8 20. Bd3 Nh7 $132 {Zavgorodniy,S-Galliamova,A/Moscow Aeroflot op
2002/ 1/2-1/2 (63)}) 14... h5 15. f4 (15. Be2 hxg4 16. Bxg4 Nf6 17. f4 b5 18.
Nce3 exf4 19. Nxf4 Ne5 20. d4 {1/2-1/2 Glek,I-Akopian,V/Warsaw Amplico AIG
Life Q/F 2003/ (20)}) 15... hxg4 16. hxg4 $146 ({White failed to get any
advantage and after} 16. f5 gxh3 17. fxg6 hxg2 18. gxf7+ Kf8 19. Bxg2 Bh4 20.
Rf1 Nf6 21. Qf3 b5 22. Ne3 Bg5 23. Qf5 Nh5 24. Qg4 Nf4 25. Nf5 g6 $15 {
Prokopchuk,E-Hracek,Z/Koszalin 1999/ChessBase/ /1/2-1/2 (104)}) 16... exf4 17.
Bxf4 (17. Nxf4 Nde5 18. Bg2 Bh4 19. Rf1 Bg3 $36) 17... Nf8 ({Worth a
consideration was} 17... Nde5 $5 18. Nce3 Bg5 $15 {and Black could achieve
everything he wanted from the opening!}) 18. Bg3 Ne6 19. Nf4 (19. a4 $5 Rh3 (
19... b5 $2 20. axb5 axb5 21. Rxa8 Qxa8 22. Nxd6+) 20. Bh2 Ng5 21. Re3 $132)
19... Nxf4 20. Bxf4 b5 21. e5 $1 dxe5 (21... bxc4 $2 22. exd6) 22. Nxe5 Nxe5
23. Rxe5 O-O (23... Ra7 $5 {[%csl Rd3][%cal Ga7d7]}) 24. Qf3 Ra7 25. Rae1 $11
Rd7 26. Bg3 {It seems that this natural move is innacurate.} (26. Qc6 $5 $13 {
was a very good alternative to the text.}) 26... Bd6 27. Rd5 Bxg3 28. Rxd7 Bh2+
$5 29. Kxh2 Qh4+ ({Worth considering was} 29... Qxd7 30. Re5 Qc7 31. Qg3 b4 $13
{with chances for the initiative.}) 30. Kg1 Qxe1 31. Rd6 $1 {[%cal Gd6g6,Gd6a6]
} a5 (31... Qc1 32. Rxa6 b4 33. cxb4 cxb4 34. Ra8 Qxb2 35. Qd5 $11) 32. Rxg6 $1
fxg6 33. Qd5+ Rf7 (33... Kh7 34. Qh1+ $1 $11) 34. Qa8+ Kh7 35. Qh1+ 1/2-1/2

[Event "EU-ch 4th"]
[Site "Istanbul"]
[Date "2003.06.03"]
[Round "5"]
[White "Malakhov, Vladimir"]
[Black "Avrukh, Boris"]
[Result "1-0"]
[WhiteElo "2672"]
[BlackElo "2586"]
[Annotator "Psakhis,L"]
[PlyCount "101"]
[EventDate "2003.05.30"]
[EventType "swiss"]
[EventRounds "13"]
[EventCountry "TUR"]
[SourceTitle "CBM 096"]
[Source "ChessBase"]
[SourceDate "2003.09.25"]
[SourceVersion "1"]
[SourceVersionDate "2003.09.25"]
[SourceQuality "1"]

1. e4 c5 2. Nf3 Nc6 3. Bb5 {Modest, but poisoned line} d6 4. O-O Bd7 5. Re1 Nf6
6. c3 a6 7. Bf1 (7. Ba4 $5 {could be reasonable alternative to the move in
game.}) 7... Bg4 8. d3 g6 ({Worth considering also} 8... e6 $5) ({or} 8... Bxf3
$5 9. Qxf3 g6) 9. Nbd2 Bg7 ({Black could play also} 9... Bh6 {but after} 10. h3
Bxf3 11. Nxf3 Bxc1 12. Qxc1 {white's chances are slightly better, for example:}
e5 13. Qh6 Nd7 14. Nd2 Qe7 15. Nc4 b5 16. Ne3 Qf8 17. Qh4 Qe7 18. Qg3 $14 {
1-0 Bologan,V-Halkias,S/Moscow Aeroflot-op 2003/ (46)}) 10. h3 Bd7 (10... Bxf3
$5 11. Nxf3 O-O 12. Bg5 Nd7 13. Qd2 Nde5 14. Nh2 b5 15. Rad1 Qb6 16. Kh1 Nd7
17. Bh6 Bxh6 18. Qxh6 b4 $13 {1-0 Glek,I-Mamedyarov,S/EUR-ch Istanbul 2003/ 
(42)}) 11. d4 cxd4 12. cxd4 Rc8 (12... O-O 13. d5 Nb8 14. a4 e6 15. Nc4 exd5
16. exd5 Bxa4 17. Qxa4 b5 18. Qb3 bxc4 19. Qxc4 $36 {1/2-1/2 Tomashevsky,
E-Sitnikov,D/RUS-ch B20 Vladimir 2002/ (36)}) 13. e5 $146 (13. d5 $5 Nb4 14.
Nc4 b5 15. Ne3 a5 (15... Qc7 $5 {[%cal Gb4c2]}) 16. a3 Na6 17. e5 $36 {Anand,
V-Khalifman,A/Wch Groningen 1997/1/2-1/2 (62)}) 13... dxe5 14. dxe5 Nd5 15. Ne4
Be6 ({I am not sure, that} 15... Bf5 16. Nd6+ exd6 17. exd6+ Nde7 18. Bc4 $36 {
will be the lesser evil for Black.} (18. Bg5 Be6 19. dxe7 Qxd1 20. Raxd1 h6 $15
)) 16. Neg5 O-O (16... Bf5 17. e6) (16... Nc7 $5 17. Nxe6 Nxe6 18. Bd2 $14) 17.
Nxe6 fxe6 {White has a better pawn structure, which enables him to try various
plans here, while Black has to stay passive. Such positions are very difficult
to hold} 18. b3 {[%csl Ge5][%cal Gc1b2]} (18. Ng5 $5 Qd7 19. Qg4) 18... Ncb4 (
18... Rxf3 19. Qxf3 (19. gxf3 Nxe5 $13) 19... Nxe5 20. Qg3 Nf3+ (20... Nd3 21.
Bxd3 Bxa1 22. Bg5 Bf6 23. Rxe6 $36) 21. Qxf3 Bxa1 22. Bh6 $14) 19. Nd4 $1 {
[%csl Gc2]} Qb6 20. Bc4 Kh8 (20... Rcd8 21. Qg4) 21. a3 $1 (21. Qd2 Nf4 22. Re4
Rcd8 $14) 21... Nc3 (21... Nc6 22. Nxe6 $1 Qxf2+ 23. Kh1 Rcd8 (23... Bxe5 24.
Bxd5 Qg3 25. Rxe5 Qxe5 26. Bh6 $18) 24. Nxd8 Rxd8 25. Qd2 $16) 22. Qd2 Nbd5 23.
Bb2 {Without special effects White obtained a clear advantage.} Bh6 (23... Rcd8
24. Rac1 Nb5 $5) 24. Qxh6 Qxd4 25. Bxc3 Nxc3 (25... Qxf2+ $2 26. Kh2 Rxc4 27.
bxc4 Nxc3 28. Rf1 Qxf1 29. Rxf1 Rxf1 30. Qd2 Ne4 31. Qe3 $18) 26. Qe3 Qxe3 27.
Rxe3 $16 {[%mdl 4096] The arisen endgame is not safe for Black.  It is a quite
typical position, maybe with correct play Black can hold it, but the defence
is not easy} Nd5 28. Rd3 Rc5 (28... Rf5 29. Bxd5 exd5 30. Rxd5 Rc2 31. Rf1 $16)
29. Rad1 Rf5 $5 (29... Nf4 30. Rd8 Rxd8 31. Rxd8+ Kg7 32. Rd4 $16) 30. Bxd5
exd5 31. Rxd5 Rxe5 (31... Rc2 32. Rf1) 32. Rxc5 Rxc5 33. Rd8+ Kg7 34. Rd7 Rc1+
(34... Rb5 35. Rxe7+ Kf6 36. Re3 $16) 35. Kh2 Kf6 36. Rxb7 Rc3 37. Rb6+ e6 38.
g3 h6 39. h4 Kf5 (39... g5 $5) 40. a4 a5 41. Rb5+ e5 (41... Ke4 42. Kg2 {
[%cal Gb3b4]}) 42. Kg2 Ke4 (42... g5 $5 43. h5 (43. hxg5 hxg5 44. Rxa5 Rxb3)
43... Kg4 44. Rxa5 Rxb3 45. Rxe5 Kxh5 46. a5 Ra3 47. Rb5 Ra2 {with good
chances for draw.} 48. Kh3) 43. Rxa5 Rxb3 44. Ra8 Ra3 (44... g5 $5) 45. Rf8 $1
{[%cal Gf8f6]} Rxa4 {Avrukh cracks under pressure!} ({He could play} 45... g5
$5 46. h5 $140 Rxa4 47. Rf6 g4 48. Rxh6 Kf5) 46. Rf6 Ra2 (46... g5 47. Rxh6 g4
48. Rf6 {[%cal Gf2f3]}) 47. Rxg6 $18 Kd4 ({There wasn't a rescue in} 47... h5
48. Rg5 Kd4 49. Rxh5 e4 50. Rf5 e3 51. Rf3 $18) 48. Rd6+ Kc4 49. Kf3 $1 Ra8 50.
Ke4 Rf8 51. Rd2 {The technical part of the game was greatly conducted by
Malakhov} 1-0

[Event "CZE-ch"]
[Site "Luhacovice"]
[Date "2003.02.23"]
[Round "6"]
[White "Oral, Tomas"]
[Black "Stocek, Jiri"]
[Result "0-1"]
[WhiteElo "2550"]
[BlackElo "2563"]
[Annotator "Psakhis,L"]
[PlyCount "70"]
[EventDate "2003.02.18"]
[EventType "tourn"]
[EventRounds "11"]
[EventCountry "CZE"]
[EventCategory "9"]
[SourceTitle "CBM 094"]
[Source "ChessBase"]
[SourceDate "2003.05.26"]
[SourceVersion "1"]
[SourceVersionDate "2003.05.26"]
[SourceQuality "1"]

1. e4 c5 2. Nf3 d6 3. Bb5+ Nd7 4. d4 cxd4 5. Qxd4 a6 6. Bxd7+ Bxd7 7. Bg5 (7.
O-O $5) (7. Nc3 $5) 7... f6 {Quite risky move.} 8. Bd2 $146 (8. Be3 e6 9. Nc3 (
9. Nbd2 Rc8 10. O-O Qc7 11. c4 Ne7 12. b4 f5 $132 {1/2-1/2 Shaw,J-Stocek,J/
Port Erin op 2001/The Week in Chess 361 (27)}) 9... Ne7 10. Qd2 Ng6 11. Nd4 Ne5
12. f4 Nc4 13. Qe2 Nxe3 14. Qxe3 e5 15. Nf3 Rc8 16. O-O-O Qa5 17. Kb1 Rxc3 18.
Qxc3 Qxc3 19. bxc3 Bc6 {Ivanov,V-Nekrasov,V/Cherepovets 2000/0-1 (47)}) 8...
Qc7 9. Na3 Rc8 10. Rd1 g6 11. O-O Nh6 12. Qd3 ({Worth considering and} 12. Rfe1
Bg7 13. Qd5 $5) 12... Ng4 13. h3 (13. Qb3 $5) 13... Ne5 14. Nxe5 dxe5 15. Ba5
$5 Qd6 (15... Qc6 16. Nc4 $5) 16. Qb3 (16. Qe2 Qc6 17. c4 b6 18. Bd2 e6 $13)
16... Qc6 17. Rd3 Be6 18. Qb4 Qc5 $2 {Serious mistake, after} (18... b6 $142 $5
19. Qxb6 $140 Qxb6 20. Bxb6 Rb8 {Black could get good game.}) 19. Rd8+ $1 {
White takes advantage of Black's last move!} Kf7 20. Qxb7 Rxd8 21. Bxd8 Bh6 22.
Rd1 {[%cal Rb2b4]} Re8 23. Qxa6 $6 {White missed a very good oportunity to get
a clear advantage} (23. c4 $142 $5 {[%cal Gb2b4]} Bc8 24. Qb6 Qxb6 25. Bxb6 Bb7
26. f3 $16) 23... Qb4 24. Qe2 (24. Qb5 Qxe4 25. Ba5) (24. Bb6 $5 Qxb2 25. Bc5
Qxa2 $13) 24... Qxb2 25. Nb5 (25. Qd3 Rxd8 26. Qxd8 Qxa3 $17) 25... Qxa2 26.
Nc7 {It looks like White has managed to cause serious threats, but it is just
an illusory thing.} (26. Qd3 $5 Bc4 27. Qd7 Bxb5 28. Qxb5 Qxc2 29. Qd5+ $11)
26... Bc4 27. Qg4 $2 {Saving himself from one threat, White is under a new one!
} ({It is easy to recommend knowing what happened in the game} 27. Qe1 $1 Rf8
$140 28. Qb4 Qxc2 29. Qxe7+ Kg8 30. Rd7 Qc1+ 31. Kh2 Qf4+ $11 {but Oral hoped
for better destiny than boring draw.}) 27... Rxd8 $1 28. Rxd8 Qa5 {[%cal Ra5c7,
Ra5e1] Nice trick!} 29. c3 Qxc7 30. Rc8 Qb7 $5 (30... Qb6 $5) 31. Rxc4 Qb1+ 32.
Kh2 Qf1 $1 $19 {[%cal Rf1c4,Rf1f2] Despite the reduced material, Black can
generate deadly dangerous threats.} 33. Qh4 Bf4+ 34. g3 Qxf2+ 35. Kh1 h5 $1 0-1

[Event "BIH-chT"]
[Site "Neum"]
[Date "2002.06.05"]
[Round "6.1"]
[White "Ristic, Nenad"]
[Black "Feletar, Darko"]
[Result "1-0"]
[WhiteElo "2464"]
[BlackElo "2435"]
[Annotator "Psakhis,L"]
[PlyCount "59"]
[EventDate "2002.06.02"]
[EventType "team"]
[EventRounds "9"]
[EventCountry "BIH"]
[SourceTitle "CBM 090"]
[Source "ChessBase"]
[SourceDate "2002.09.20"]
[SourceVersion "1"]
[SourceVersionDate "2002.09.20"]
[SourceQuality "1"]
[WhiteTeam "Bugojno"]
[BlackTeam "Brijeg"]
[WhiteTeamCountry "BIH"]
[BlackTeamCountry "BIH"]

1. e4 c5 2. Nf3 d6 3. Bb5+ Nd7 4. d4 Ngf6 5. O-O (5. Nc3 {Is a normal move})
5... Nxe4 (5... cxd4 6. Qxd4 g6 $5 {worth considering}) 6. Re1 (6. Qe2 Nef6 7.
dxc5 dxc5 8. Rd1 a6 9. Bc4 e6 10. Ng5 $40 {1-0 Velicka,P-Johann,C/Passau op
2000/CBM 76 ext (20)}) 6... Nef6 7. dxc5 dxc5 8. Bg5 e6 $146 (8... a6 9. Bxd7+
Bxd7 10. Ne5 h6 11. Bxf6 gxf6 12. Nxd7 Qxd7 13. Qf3 Qc6 14. Qxc6+ bxc6 15. Rd1
Rb8 16. b3 f5 17. Nd2 $44 {Velicka,P-Stocek,J/Czech Extra League 1998/1/2-1/2 
(36)}) 9. Bxf6 gxf6 10. Nh4 h5 (10... a6 11. Qh5 Qb6 12. Bxd7+ (12. Nc3 axb5
13. Nd5 Qd6 14. Rxe6+ Qxe6 15. Nc7+ Kd8 16. Nxe6+ fxe6 17. Ng6 hxg6 18. Qxh8 g5
$132) 12... Bxd7 13. Nc3 $44) 11. Nc3 a6 12. Bf1 ({White could play and
differently -} 12. Bxd7+ Bxd7 13. Ne4 Bc6 14. Qf3 Bxe4 15. Rxe4 $44 {[%csl Ge4,
Re8,Gf3,Gh4] with good compensation for the pawn}) 12... Ne5 13. Qe2 Be7 14.
Rad1 Qb6 15. Nf5 $5 ({I think that White rightly avoided the line} 15. f4 Nc6
16. Nf5 $140 Nd4 17. Nxd4 cxd4 18. Nd5 d3+ 19. Nxb6 dxe2 20. Nxa8 Bc5+ $1 21.
Kh1 exd1=Q 22. Rxd1 Ke7 $19) 15... c4 $2 ({Correct} 15... exf5 $5 16. Nd5 Qd6 (
16... Qd8 17. f4) 17. f4 Ng6 18. Qe3 $44 {[%csl Re8] leads to very complicated
position}) 16. Nxe7 Kxe7 17. Kh1 {[%cal Gf2f4] Just wasting time} (17. Ne4 $142
$1 Bd7 $140 (17... Rh6 18. Qd2 Rg6 19. Be2 $18) 18. Nxf6 $1 {could punish
Black very quickly}) 17... Kf8 18. Ne4 $16 {Here Black's pawn formation is
seriously compromised on the kingside} Qxb2 (18... f5 19. Nd6 Ng4 20. Kg1 $16)
19. Rd8+ Kg7 20. Rxh8 Kxh8 21. Nxf6 {It seems that Black's position can no
longer be saved - there are too many White' pieces pointed at the black king,
who is all alone} Ng6 (21... Ng4 22. Nxg4 hxg4 23. Qxg4 Qg7 24. Qh4+ Qh7 25.
Qd8+ Qg8 26. Qe7 $18) 22. Qxh5+ Kg7 23. Ne8+ Kf8 24. Nc7 Rb8 25. Rd1 b5 $2 (
25... Qe5 $142 $16 {Was the last and not bad chance to make real ressistance.})
26. Rd8+ (26. Qh6+ $1 $18 {wins immediately}) 26... Kg7 27. Ne8+ Kf8 28. Qc5+
Ne7 (28... Kg8 29. Qg5 $18) 29. Nc7+ (29. Nf6+ Kg7 30. Qg5+ Ng6 31. Rg8#) 29...
Kg7 30. Qxe7 1-0

[Event "FRA-chT Gp-B"]
[Site "France"]
[Date "2003.04.05"]
[Round "6.4"]
[White "Glek, Igor Vladimirovich"]
[Black "Sermier, Guillaume"]
[Result "1-0"]
[WhiteElo "2576"]
[BlackElo "2379"]
[Annotator "Psakhis,L"]
[PlyCount "55"]
[EventDate "2003.01.31"]
[EventType "team"]
[EventRounds "7"]
[EventCountry "FRA"]
[SourceTitle "CBM 095"]
[Source "ChessBase"]
[SourceDate "2003.07.25"]
[SourceVersion "1"]
[SourceVersionDate "2003.07.25"]
[SourceQuality "1"]
[WhiteTeam "Vandoeuvre"]
[BlackTeam "Besancon"]
[WhiteTeamCountry "FRA"]
[BlackTeamCountry "FRA"]

1. e4 c5 2. Nf3 d6 3. Bb5+ {Igor Glek very often and with success choose rare
continuations.} Nd7 4. d4 Ngf6 5. Nc3 cxd4 6. Qxd4 e5 7. Qd3 h6 8. Be3 a6 9.
Bc4 Be7 10. a4 Qc7 11. O-O Nc5 12. Bxc5 Qxc5 13. Nd5 Nxd5 14. Qxd5 $5 {
Interesting idea. White is trying to get small but stable edvantage in endgame.
} ({Different plan was employed a in the game Vescovi,G-Lesiege,A/Bled
Olympiad 2002/0-1 (54)} 14. Bxd5 O-O 15. Qb3 Rb8 16. Ne1 Bd7 17. Nd3 Qd4 18.
Rfd1 Bg4 19. Rd2 Bg5 20. c3 Qa7 21. Rc2 a5 $11) 14... Qxd5 $8 15. Bxd5 Rb8 16.
Rfd1 {[%csl Re7]} O-O $146 (16... Be6 17. Rd3 (17. c4 $5 $14) 17... Bxd5 18.
Rxd5 Rc8 19. c3 O-O 20. Nd2 Rc6 21. g3 g6 22. Kf1 f5 23. Ke2 Kf7 $13 {Faig,
C-Hoffman,A/Buenos Aires CABJ 1998/0-1 (50)}) 17. c4 $5 Bd8 (17... b5 18. cxb5
axb5 19. a5 {[%csl Ga5]}) (17... a5 $5 18. Rd3 (18. c5 $5)) 18. a5 $1 {Black
should have stuck to a passive defense} (18. b4 a5) 18... b6 19. b4 $5 bxa5 20.
bxa5 Bg4 21. Rd3 Bxa5 $2 {Taking poisoned pawn.} (21... Bxf3 22. Rxf3 $36 {
[%csl Ra6,Gd5]}) ({Good substitute to the move in the game could be passive,
but tough} 21... Bc7 $142 $5 {with good chances for defense.}) 22. h3 $1 Bxf3
$8 23. Rxa5 $1 Bh5 ({Nothing change and} 23... Rb1+ 24. Kh2 Be2 25. Rd2 {
[%csl Ra6,Rd6]}) 24. Rxa6 (24. g4 $5) 24... Rfd8 25. Ra7 {White has gained
total control over the position and only needs to find a plan of breaking
through.} Kf8 $2 (25... g5 $142 26. g4 Bg6 27. Rf3 Rb1+ 28. Kh2 Kf8 $16) 26.
Bxf7 $1 {Seemingly, this move escaped Black's attention. White has now big
advantage} Rb1+ (26... Bxf7 27. Rf3 $18) 27. Kh2 Be2 28. Rd2 1-0